00326nam a2200133Ia 4500008004100000041000800041082001300049100001700062245005700079260001500136300000800151365001600159700001700175230718s9999 xx 000 0 und d aeng a658bSHO aShourie Arun aWill The Iron Fence Save A Tree Hollowed By Termites c2005bRupa a487 cRs.b595.00 aShourie Arun